| 000 | 00417 a2200145 4500 | ||
|---|---|---|---|
| 005 | 20250623083002.0 | ||
| 020 | _a0-07-286247-5 | ||
| 082 | _a658.403 TUB | ||
| 100 | _aTUBBS, T . S | ||
| 245 | _aA systems Approach to Small Group Interaction | ||
| 250 | _a8th Ed. | ||
| 260 |
_aNew York _bMcGraw-Hill Irwin _c2004. |
||
| 300 |
_axviii,437p.:ill .; figures, tables _bIndex, Glossary, References _c22cm |
||
| 942 |
_2ddc _cBKS |
||
| 999 |
_c4614 _d4614 |
||